Sentinel-1 and -2 Based near Real Time Inland Excess Water Mapping for Optimized Water Management

Elmentve itt :
Bibliográfiai részletek
Szerzők: Van Leeuwen Boudewijn
Tobak Zalán
Kovács Ferenc
Dokumentumtípus: Cikk
Megjelent: 2020
Sorozat:SUSTAINABILITY 12 No. 7
doi:10.3390/su12072854

mtmt:31273626
Online Access:http://publicatio.bibl.u-szeged.hu/18838
LEADER 00795nab a2200217 i 4500
001 publ18838
005 20200604093659.0
008 200604s2020 hu o 0|| zxx d
022 |a 2071-1050 
024 7 |a 10.3390/su12072854  |2 doi 
024 7 |a 31273626  |2 mtmt 
040 |a SZTE Publicatio Repozitórium  |b hun 
041 |a zxx 
100 2 |a Van Leeuwen Boudewijn 
245 1 0 |a Sentinel-1 and -2 Based near Real Time Inland Excess Water Mapping for Optimized Water Management  |h [elektronikus dokumentum] /  |c  Van Leeuwen Boudewijn 
260 |c 2020 
300 |a Azonosító: 2854-Terjedelem: 21 p 
490 0 |a SUSTAINABILITY  |v 12 No. 7 
700 0 1 |a Tobak Zalán  |e aut 
700 0 1 |a Kovács Ferenc  |e aut 
856 4 0 |u http://publicatio.bibl.u-szeged.hu/18838/1/sustainability-12-02854.pdf  |z Dokumentum-elérés